000 00568nam a2200241 a 4500
001 nice12345678
003 IN_TiNIC
005 20260116011335.0
008 050524s1329 teha grp 000 0 per
020 _a
_c100
082 0 0 _a297.82
_bKAZ
100 _aKazim, Mulla Mohammad
245 _aMinhajul Rishad
260 _aTehran
_bGeorge
_c1329
300 _a328p.
500 _aincludes index and biblioraphy
505 2 _areference
650 _aPhilosophy-Islamic
700 1 _aKazim, Mulla Mohammad
902 _bSRS
942 _cBK
999 _c659
_d659